[Event "Moscow op-A 17th"]
[Site "Moscow"]
[Date "2021.02.28"]
[Round "9"]
[White "Zakaryan, David"]
[Black "Israfilov, Ali"]
[Result "1-0"]
[WhiteElo "2335"]
[BlackElo "1981"]
[PlyCount "87"]
[EventDate "2021.02.20"]
[EventType "swiss"]
[EventRounds "9"]
[EventCountry "RUS"]
[SourceTitle "EXT 2022"]
[Source "ChessBase"]
[SourceDate "2021.10.06"]
[SourceVersion "1"]
[SourceVersionDate "2021.10.06"]
[SourceQuality "1"]

1. e4 c5 2. Nf3 e6 3. d4 cxd4 4. Nxd4 Qb6 5. Nb3 Qc7 6. Nc3 a6 7. f4 b5 8. Be3 Bb7 9. Bd3 Nf6 10. e5 Nd5 11. Nxd5 Bxd5 12. 0-0 d6 13. Qh5 dxe5 14. fxe5 g6 15. Qh4 Bg7 16. Bh6 Qxe5 17. Rae1 Qxb2 18. Bxg7 Qxg7 19. Qb4 Bxb3 20. Be4 Bc4 21. Bxa8 Qf8 22. Qxf8+ Rxf8 23. Rf4 Bxa2 24. Bb7 Kd8 25. Bxa6 Bc4 26. Bxb5 Bxb5 27. Rb4 Kc7 28. Rxb5 Nc6 29. Reb1 Nd4 30. R5b4 e5 31. c3 Nc6 32. Rb7+ Kd6 33. R1b6 Kc5 34. Ra6 Kd6 35. c4 Rc8 36. Rxf7 Kc5 37. Rxh7 Kxc4 38. Ra1 Rb8 39. Rg7 Nd4 40. Re1 Re8 41. Rxg6 e4 42. Rc1+ Kd3 43. Rd6 Ke3 44. Rc3+ 1-0

[Event "Moscow op-A 16th"]
[Site "Moscow"]
[Date "2020.01.25"]
[Round "1"]
[White "Rodchenkov, Vitaly"]
[Black "Israfilov, Ali"]
[Result "1-0"]
[WhiteElo "2301"]
[BlackElo "1929"]
[PlyCount "77"]
[EventDate "2020.01.25"]
[EventType "swiss"]
[EventRounds "9"]
[EventCountry "RUS"]
[SourceTitle "CBM 194 Extra"]
[Source "ChessBase"]
[SourceDate "2020.03.31"]
[SourceVersion "1"]
[SourceVersionDate "2020.03.31"]
[SourceQuality "1"]

1. Nf3 Nf6 2. c4 g6 3. b4 a5 4. b5 Bg7 5. Bb2 0-0 6. e3 b6 7. Be2 Bb7 8. 0-0 d6 9. d4 Nbd7 10. Nc3 Re8 11. Nd2 e5 12. Bf3 e4 13. Be2 d5 14. Qb3 Nf8 15. cxd5 Bxd5 16. Nxd5 Qxd5 17. Bc4 Qd7 18. a4 Ne6 19. f3 exf3 20. Nxf3 Ng4 21. Rae1 Rad8 22. h3 Nh6 23. g4 Qd6 24. Kg2 Qd7 25. Ba3 Bf8 26. Qa2 Bg7 27. Qf2 Bf6 28. Qg3 Ng5 29. Nxg5 Bxg5 30. Rf3 Be7 31. Bb2 Qd6 32. Qxd6 Bxd6 33. e4 g5 34. e5 Bf8 35. Ref1 Rd7 36. e6 fxe6 37. Bxe6+ Rxe6 38. Rxf8+ Kg7 39. d5+ 1-0

[Event "Wch-ch U12 rapid"]
[Site "Minsk"]
[Date "2019.08.17"]
[Round "8"]
[White "Israfilov, Ali"]
[Black "Abdullayev, Ayat"]
[Result "1/2-1/2"]
[WhiteElo "1857"]
[BlackElo "1537"]
[PlyCount "152"]
[EventDate "2019.08.16"]
[EventType "swiss (rapid)"]
[EventRounds "9"]
[EventCountry "BLR"]
[SourceTitle "CBM 191 Extra"]
[Source "ChessBase"]
[SourceDate "2019.09.30"]
[SourceVersion "1"]
[SourceVersionDate "2019.09.30"]
[SourceQuality "1"]

1. d4 Nf6 2. c4 g6 3. Nc3 Bg7 4. e4 d6 5. Nf3 0-0 6. Be2 Na6 7. 0-0 e5 8. Re1 Bg4 9. d5 Nc5 10. h3 Bd7 11. Bf1 a5 12. b3 Ne8 13. Be3 b6 14. a3 f5 15. b4 Nxe4 16. Nxe4 fxe4 17. Nd2 Nf6 18. Bg5 axb4 19. axb4 Rxa1 20. Qxa1 Bf5 21. g4 Bd7 22. Nxe4 Qc8 23. Qd1 Nxe4 24. Rxe4 Qe8 25. Bg2 Bf6 26. Bh6 Bg7 27. Bg5 Bf6 28. Be3 Bf5 29. gxf5 gxf5 30. Bh6 fxe4 31. Qg4+ Qg6 32. Qe6+ Qf7 33. Bxf8 Kxf8 34. Qc8+ Kg7 35. Bxe4 Bg5 36. Qg4 Qf4 37. Qd7+ Qf7 38. Qxf7+ Kxf7 39. Bxh7 Bd2 40. b5 Kf6 41. Kg2 Kg5 42. Kg3 Bf4+ 43. Kf3 Kf6 44. Kg4 Bh6 45. Be4 Bf4 46. h4 Bd2 47. Kh5 Bf4 48. Kg4 Bd2 49. Bf5 Bf4 50. Be6 Bd2 51. Kh5 Bf4 52. Kg4 Bd2 53. Kh5 Bf4 54. Kg4 Bd2 55. Kh5 Bf4 56. f3 Bd2 57. Kg4 Bf4 58. Kh3 Bd2 59. Kg2 Bf4 60. Kf1 Bg3 61. h5 Bf4 62. Ke2 Bh6 63. Kd3 Bf4 64. Ke4 Bd2 65. Bg4 Bh6 66. Bh3 Bf4 67. Bf1 Bh6 68. Bd3 Bf4 69. Bc2 Bh6 70. Ba4 Bf4 71. Kd3 Bh6 72. Ke4 Bd2 73. Bc2 Bh6 74. Kd3 Bf4 75. Kc3 Bh6 76. Bg6 Bf4 1/2-1/2

[Event "Wch-ch U12 rapid"]
[Site "Minsk"]
[Date "2019.08.17"]
[Round "9"]
[White "Tobak, Mikhail"]
[Black "Israfilov, Ali"]
[Result "0-1"]
[WhiteElo "1998"]
[BlackElo "1857"]
[PlyCount "114"]
[EventDate "2019.08.16"]
[EventType "swiss (rapid)"]
[EventRounds "9"]
[EventCountry "BLR"]
[SourceTitle "CBM 191 Extra"]
[Source "ChessBase"]
[SourceDate "2019.09.30"]
[SourceVersion "1"]
[SourceVersionDate "2019.09.30"]
[SourceQuality "1"]

1. e4 c5 2. Nf3 e6 3. d3 d5 4. Nbd2 g6 5. g3 Bg7 6. Bg2 Nf6 7. 0-0 0-0 8. c3 Nc6 9. Qc2 a5 10. a4 b6 11. Rd1 Ba6 12. Nf1 Rc8 13. Ne3 Qe7 14. Bf1 Rfd8 15. Re1 d4 16. Nc4 dxc3 17. bxc3 Bxc4 18. dxc4 Nd7 19. Bg5 Bf6 20. Bf4 Nde5 21. Nxe5 Bxe5 22. Be3 Bg7 23. Rab1 Qc7 24. f4 Rd7 25. e5 Rcd8 26. Rb2 Bh6 27. Qe2 Ne7 28. Reb1 Nf5 29. Bf2 g5 30. Bh3 gxf4 31. gxf4 Kh8 32. Bxf5 exf5 33. Bg3 Rg8 34. Kf2 Rg6 35. Rd2 Rxd2 36. Qxd2 Qc6 37. Ra1 Qe4 38. Rd1 Qxc4 39. Bh4 Bf8 40. Bf6+ Kg8 41. Rg1 Qxa4 42. h4 Qe4 43. h5 Rxg1 44. Kxg1 Qf3 45. Qd8 Qg3+ 46. Kh1 Qf3+ 47. Kg1 Qg4+ 48. Kf2 Qxf4+ 49. Ke2 Qg4+ 50. Kd2 Qxh5 51. Qd3 Qg6 52. Kc2 f4 53. Qxg6+ hxg6 54. Kd3 a4 55. c4 Bg7 56. Bd8 Bxe5 57. Bxb6 a3 0-1

[Event "Moscow-ch final"]
[Site "Moscow"]
[Date "2019.04.06"]
[Round "8"]
[White "Israfilov, Ali"]
[Black "Bogaudinov, Rushan"]
[Result "1/2-1/2"]
[WhiteElo "1792"]
[BlackElo "2123"]
[PlyCount "91"]
[EventDate "2019.03.30"]
[EventType "swiss"]
[EventRounds "9"]
[EventCountry "RUS"]
[SourceTitle "CBM 189 Extra"]
[Source "ChessBase"]
[SourceDate "2019.06.03"]
[SourceVersion "1"]
[SourceVersionDate "2019.06.03"]
[SourceQuality "1"]

1. e4 c5 2. Nf3 d6 3. d4 cxd4 4. Nxd4 Nf6 5. Nc3 a6 6. Be2 g6 7. 0-0 Bg7 8. Re1 0-0 9. Bf1 e5 10. Nb3 Nc6 11. a4 Be6 12. Bg5 h6 13. Bh4 g5 14. Bg3 d5 15. Nc5 d4 16. Nxe6 fxe6 17. Nb1 Qb6 18. Na3 Rac8 19. Nc4 Qc5 20. b4 Nxb4 21. Bxe5 Rfd8 22. a5 Qe7 23. Bd6 Rxd6 24. Nxd6 Qxd6 25. e5 Qd5 26. exf6 Bxf6 27. Qh5 Bg7 28. Qg6 Qf5 29. Qxe6+ Qxe6 30. Rxe6 d3 31. c3 Bxc3 32. Rd1 d2 33. Rxh6 Re8 34. Rd6 Re1 35. R1xd2 Bxd2 36. Rxd2 Nc6 37. Rd7 Re7 38. Rd6 Re5 39. h4 gxh4 40. Bxa6 bxa6 41. Rxc6 Rxa5 42. Kh2 Ra4 43. Kh3 a5 44. Ra6 Kf7 45. f4 Rxf4 46. Rxa5 1/2-1/2

[Event "Wch U12 blitz"]
[Site "Minsk"]
[Date "2018.06.24"]
[Round "8"]
[White "Israfilov, Ali"]
[Black "Tobak, Mikhail"]
[Result "1-0"]
[WhiteElo "1929"]
[BlackElo "1844"]
[PlyCount "85"]
[EventDate "2018.06.24"]
[EventType "swiss (blitz)"]
[EventRounds "9"]
[EventCountry "BLR"]
[SourceTitle "EXT 2019"]
[Source "ChessBase"]
[SourceDate "2018.10.10"]
[SourceVersion "1"]
[SourceVersionDate "2018.10.10"]
[SourceQuality "1"]

1. d4 d5 2. c4 Nc6 3. Nc3 dxc4 4. Nf3 Bg4 5. d5 Bxf3 6. gxf3 Ne5 7. Bf4 Ng6 8. Bh3 a6 9. Qa4+ c6 10. dxc6 b5 11. Bd7+ Qxd7 12. cxd7+ Kxd7 13. Nxb5 Nxf4 14. Nd4+ Kd8 15. Qxc4 Rc8 16. Nc6+ Ke8 17. Qxa6 Rc7 18. Qa8+ Kd7 19. Rd1+ Ke6 20. Qxf8 Rxc6 21. Qxg7 Ng6 22. Rg1 Nf6 23. Rxg6 hxg6 24. Qxh8 Rb6 25. Qc8+ Ke5 26. Qc7+ Rd6 27. Rxd6 exd6 28. Qxf7 Nd5 29. Qxg6 Nb6 30. Qe8+ Kd5 31. Qe4+ Kc5 32. b4+ Kb5 33. Qd3+ Kc6 34. b5+ Kc7 35. Qc3+ Kb8 36. Qc6 Nc8 37. b6 Nxb6 38. Qxb6+ Kc8 39. Qa7 Kd8 40. h4 Ke8 41. h5 Kf8 42. h6 Ke8 43. h7 1-0